MARC details
| 000 -LEADER |
| fixed length control field |
01625cam a2200433 i 4500 |
| 001 - CONTROL NUMBER |
| control field |
200462118 |
| 003 - CONTROL NUMBER IDENTIFIER |
| control field |
TR-AnTOB |
| 005 - DATE AND TIME OF LATEST TRANSACTION |
| control field |
20240729101419.0 |
| 007 - PHYSICAL DESCRIPTION FIXED FIELD--GENERAL INFORMATION |
| fixed length control field |
ta |
| 008 - FIXED-LENGTH DATA ELEMENTS--GENERAL INFORMATION |
| fixed length control field |
130706t2014 nyud 000 0 eng d |
| 020 ## - INTERNATIONAL STANDARD BOOK NUMBER |
| International Standard Book Number |
9781618654052 (paperback) |
| 040 ## - CATALOGING SOURCE |
| Original cataloging agency |
BTCTA |
| Language of cataloging |
eng |
| Description conventions |
rda |
| Transcribing agency |
BTCTA |
| Modifying agency |
YDXCP |
| -- |
KNJ |
| -- |
IXA |
| -- |
QBX |
| -- |
OCLCF |
| -- |
OCLCO |
| -- |
TR-AnTOB |
| 041 0# - LANGUAGE CODE |
| Language code of text/sound track or separate title |
İngilizce |
| 050 14 - LIBRARY OF CONGRESS CALL NUMBER |
| Classification number |
PE1128 |
| Item number |
.T64 2014 |
| 090 ## - LOCALLY ASSIGNED LC-TYPE CALL NUMBER (OCLC); LOCAL CALL NUMBER (RLIN) |
| Classification number (OCLC) (R) ; Classification number, CALL (RLIN) (NR) |
PE1128 |
| Local cutter number (OCLC) ; Book number/undivided call number, CALL (RLIN) |
.T64 2014 |
| 245 00 - TITLE STATEMENT |
| Title |
TOEFL iBT premier / |
| 246 3# - VARYING FORM OF TITLE |
| Title proper/short title |
Test of English as a Foreign Language Internet based test premier |
|
| Title proper/short title |
TOEFL iBT premier 2014-2015 with 4 practice tests |
|
| Display text |
At head of cover title: |
| Title proper/short title |
Kaplan |
| 250 ## - EDITION STATEMENT |
| Edition statement |
Fifth edition. |
| 264 #1 - PRODUCTION, PUBLICATION, DISTRIBUTION, MANUFACTURE, AND COPYRIGHT NOTICE |
| Place of production, publication, distribution, manufacture |
New York, NY : |
| Name of producer, publisher, distributor, manufacturer |
Kaplan Publishing, |
| Date of production, publication, distribution, manufacture, or copyright notice |
[2014]. |
|
| Date of production, publication, distribution, manufacture, or copyright notice |
©2014 |
| 300 ## - PHYSICAL DESCRIPTION |
| Extent |
388 pages : |
| Other physical details |
tables ; |
| Dimensions |
28 cm + |
| Accompanying material |
2 computer discs |
| 336 ## - CONTENT TYPE |
| Content type term |
text |
| Content type code |
txt |
| Source |
rdacontent |
| 337 ## - MEDIA TYPE |
| Media type term |
unmediated |
| Media type code |
n |
| Source |
rdamedia |
|
| Media type term |
computer |
| Media type code |
c |
| Source |
rdamedia |
| 338 ## - CARRIER TYPE |
| Carrier type term |
volume |
| Carrier type code |
nc |
| Source |
rdacarrier |
|
| Carrier type term |
computer disc |
| Carrier type code |
cd |
| Source |
rdacarrier |
| 500 ## - GENERAL NOTE |
| General note |
Book + CD + online + mobile -- Cover and Spine. |
|
| General note |
Score higher with 450 + practice questions 95+ min. listening practice -- Cover. |
| 650 #0 - SUBJECT ADDED ENTRY--TOPICAL TERM |
| Topical term or geographic name entry element |
English language |
| Form subdivision |
Textbooks for foreign speakers |
| 9 (RLIN) |
67636 |
|
| Topical term or geographic name entry element |
Vocabulary |
| General subdivision |
Examinations |
| Form subdivision |
Study guides |
| 9 (RLIN) |
34075 |
|
| Topical term or geographic name entry element |
Test of English as a Foreign Language |
| Form subdivision |
Study guides |
| 9 (RLIN) |
67705 |
|
| Topical term or geographic name entry element |
English language |
| General subdivision |
Examinations |
| Form subdivision |
Study guides |
| 9 (RLIN) |
67557 |
|
| Topical term or geographic name entry element |
Vocabulary |
| 9 (RLIN) |
3443 |
| 710 2# - ADDED ENTRY--CORPORATE NAME |
| Corporate name or jurisdiction name as entry element |
Kaplan Educational Centers (Firm : New York, N.Y.) |
| 9 (RLIN) |
27180 |
| 942 ## - ADDED ENTRY ELEMENTS (KOHA) |
| Source of classification or shelving scheme |
Library of Congress Classification |
| Koha item type |
Mixed Materials |